[Event "Bosnjaci op 27th"]
[Site "Bosnjaci"]
[Date "2023.01.03"]
[Round "1"]
[White "Mezak, Damir"]
[Black "Starcevic, Ante Leon"]
[Result "0-1"]
[WhiteElo "1674"]
[BlackElo "2192"]
[PlyCount "28"]
[EventDate "2023.01.03"]
[EventType "swiss"]
[EventRounds "9"]
[EventCountry "CRO"]
[SourceTitle "CBM 212 Extra"]
[Source "ChessBase"]
[SourceDate "2023.03.31"]
[SourceVersion "1"]
[SourceVersionDate "2023.03.31"]
[SourceQuality "1"]

1. e4 c5 2. Nf3 Nc6 3. d4 cxd4 4. Nxd4 g6 5. Be3 Nf6 6. f3 d5 7. Bb5 Bd7 8. Nc3 dxe4 9. fxe4 Bg7 10. 0-0 Ng4 11. Bxc6 Nxe3 12. Qf3 Nxf1 13. Rxf1 Bxd4+ 14. Kh1 0-0 0-1

[Event "CRO-chT2 Center 22nd"]
[Site "Sisak"]
[Date "2013.10.06"]
[Round "8.16"]
[White "Garac, Marijan"]
[Black "Mezak, Damir"]
[Result "1/2-1/2"]
[WhiteElo "1929"]
[BlackElo "1748"]
[PlyCount "91"]
[EventDate "2013.04.14"]
[EventType "team-tourn"]
[EventRounds "11"]
[EventCountry "CRO"]
[SourceTitle "EXT 2016"]
[Source "ChessBase"]
[SourceDate "2015.10.08"]
[SourceVersion "1"]
[SourceVersionDate "2015.10.08"]
[SourceQuality "1"]

1. d4 Nf6 2. Nf3 g6 3. c4 Bg7 4. Nc3 0-0 5. e4 d6 6. Be2 Nbd7 7. 0-0 e5 8. Bg5 h6 9. Bxf6 Bxf6 10. d5 Bg7 11. Qc2 Nc5 12. b4 Na6 13. Rab1 f5 14. Nd2 c6 15. a3 c5 16. b5 Nc7 17. f3 f4 18. Kh1 Bf6 19. Rg1 Bh4 20. Nd1 Bg3 21. Nf1 Qh4 22. Bd3 Ne8 23. Rb2 Nf6 24. Nf2 Nh5 25. Nh3 Be1 26. Qe2 Bc3 27. Rc2 Bd4 28. Nd2 Bxg1 29. Kxg1 Bxh3 30. gxh3 Qxh3 31. Qg2 Qxg2+ 32. Kxg2 Kf7 33. Nb3 b6 34. Kg1 a5 35. a4 Nf6 36. Bf1 Rg8 37. Bh3 Rg7 38. Be6+ Ke7 39. Rg2 g5 40. Nd2 Rh8 41. h3 Ne8 42. h4 Kf6 43. h5 Ke7 44. Nf1 Nf6 45. Bg4 Rf8 46. Nh2 1/2-1/2

[Event "Hum na Sutli op 6th"]
[Site "Hum na Sutli"]
[Date "2012.09.09"]
[Round "3"]
[White "Samovojska, Damir"]
[Black "Mezak, Damir"]
[Result "1-0"]
[WhiteElo "2201"]
[BlackElo "1766"]
[PlyCount "47"]
[EventDate "2012.09.07"]
[EventType "swiss"]
[EventRounds "9"]
[EventCountry "CRO"]
[SourceTitle "CBM 150 Extra"]
[Source "ChessBase"]
[SourceDate "2012.10.19"]
[SourceVersion "1"]
[SourceVersionDate "2012.10.19"]
[SourceQuality "1"]

1. e4 c6 2. Nc3 d5 3. d4 dxe4 4. Nxe4 Nf6 5. Ng3 Bg4 6. Qd3 e6 7. h3 Bh5 8. Nxh5 Nxh5 9. g4 Nf6 10. Bg2 Nbd7 11. Bf4 Nd5 12. Bg3 Qb6 13. 0-0-0 Nb4 14. Qb3 c5 15. a3 cxd4 16. axb4 Bxb4 17. Ne2 Qa5 18. Kb1 Nc5 19. Qa2 Na4 20. Rxd4 Qb5 21. Qc4 Qxc4 22. Rxc4 a5 23. Bxb7 Ra7 24. Bc6+ 1-0

[Event "Hum na Sutli op 6th"]
[Site "Hum na Sutli"]
[Date "2012.09.07"]
[Round "1"]
[White "Borsos, Bogdan"]
[Black "Mezak, Damir"]
[Result "1-0"]
[WhiteElo "2269"]
[BlackElo "1766"]
[PlyCount "31"]
[EventDate "2012.09.07"]
[EventType "swiss"]
[EventRounds "9"]
[EventCountry "CRO"]
[SourceTitle "CBM 150 Extra"]
[Source "ChessBase"]
[SourceDate "2012.10.19"]
[SourceVersion "1"]
[SourceVersionDate "2012.10.19"]
[SourceQuality "1"]

1. e4 c6 2. c4 d5 3. exd5 cxd5 4. cxd5 Qxd5 5. Nc3 Qe5+ 6. Be2 Bg4 7. d4 Bxe2 8. Ngxe2 Qd6 9. Bf4 Qb6 10. Nd5 Qa5+ 11. Nec3 Na6 12. b4 Qd8 13. b5 e6 14. bxa6 exd5 15. axb7 Bb4 16. Qa4+ 1-0

[Event "CRO-chT2 Center"]
[Site "Croatia"]
[Date "2011.03.27"]
[Round "4.66"]
[White "Mezak, Damir"]
[Black "Furjan, Antun"]
[Result "1/2-1/2"]
[WhiteElo "1775"]
[BlackElo "2025"]
[PlyCount "58"]
[EventDate "2011.03.20"]
[EventType "team-tourn"]
[EventRounds "11"]
[EventCountry "CRO"]
[SourceTitle "EXT 2014"]
[Source "ChessBase"]
[SourceDate "2013.11.20"]
[SourceVersion "1"]
[SourceVersionDate "2013.11.20"]
[SourceQuality "1"]

1. e4 c5 2. Nc3 d6 3. Bc4 e6 4. Nf3 Nc6 5. a3 Nf6 6. d3 Be7 7. 0-0 0-0 8. h3 a6 9. Nh2 b5 10. Ba2 Bb7 11. Ng4 Rc8 12. f4 Na5 13. f5 c4 14. Be3 e5 15. Nxf6+ Bxf6 16. Qg4 Kh8 17. g3 d5 18. Nxd5 Bxd5 19. exd5 Qxd5 20. Rad1 Qc6 21. dxc4 Nxc4 22. Bxc4 Qxc4 23. Qxc4 Rxc4 24. c3 a5 25. Rd5 b4 26. cxb4 axb4 27. Bc5 Rc8 28. Bxb4 e4 29. Rfd1 h5 1/2-1/2

[Event "Hum na Sutli op"]
[Site "Hum na Sutli"]
[Date "2010.11.23"]
[Round "4"]
[White "Kelemen, Miljenko"]
[Black "Mezak, Damir"]
[Result "1/2-1/2"]
[WhiteElo "2101"]
[BlackElo "1810"]
[PlyCount "97"]
[EventDate "2010.11.20"]
[EventType "swiss"]
[EventRounds "9"]
[EventCountry "CRO"]
[SourceTitle "CBM 139 Extra"]
[Source "ChessBase"]
[SourceDate "2011.01.05"]
[SourceVersion "1"]
[SourceVersionDate "2011.01.05"]
[SourceQuality "1"]

1. d4 Nf6 2. Bg5 g6 3. Nd2 Bg7 4. e4 d6 5. Bc4 h6 6. Bh4 c5 7. c3 cxd4 8. cxd4 Qb6 9. Ne2 Nc6 10. d5 Ne5 11. 0-0 0-0 12. h3 g5 13. Bg3 Nxc4 14. Nxc4 Qb4 15. Qd3 Nh5 16. Bh2 f5 17. e5 dxe5 18. Nc3 Qc5 19. Nxe5 f4 20. Ne4 Qc7 21. Ng4 Bxg4 22. hxg4 Nf6 23. Rac1 Qe5 24. Nxf6+ Qxf6 25. b4 Rac8 26. Rfd1 Rfd8 27. Kf1 Qb2 28. Rc5 b6 29. Rc4 Rxc4 30. Qxc4 Qc3 31. Qxc3 Bxc3 32. Ke2 b5 33. f3 Bb2 34. Rd3 Kf7 35. Bg1 a6 36. Bc5 Kf6 37. Kd2 Be5 38. Kc2 Bd6 39. Kc3 Be5+ 40. Kb3 Bd6 41. a4 Rd7 42. Rd2 Be5 43. Rd1 Bd6 44. axb5 axb5 45. Kc2 Rc7 46. Kb3 Bxc5 47. bxc5 Rxc5 48. Kb4 Rc2 49. Kxb5 1/2-1/2

[Event "Hum na Sutli op"]
[Site "Hum na Sutli"]
[Date "2010.11.22"]
[Round "3"]
[White "Mezak, Damir"]
[Black "Skupnjak, Milan"]
[Result "1-0"]
[WhiteElo "1810"]
[BlackElo "1995"]
[PlyCount "113"]
[EventDate "2010.11.20"]
[EventType "swiss"]
[EventRounds "9"]
[EventCountry "CRO"]
[SourceTitle "CBM 139 Extra"]
[Source "ChessBase"]
[SourceDate "2011.01.05"]
[SourceVersion "1"]
[SourceVersionDate "2011.01.05"]
[SourceQuality "1"]

1. e4 e5 2. Nf3 Nc6 3. Bc4 Be7 4. Nc3 Nf6 5. 0-0 d6 6. h3 Na5 7. Bb3 Nxb3 8. axb3 c5 9. d3 h6 10. Nh2 Nh7 11. f4 exf4 12. Bxf4 Be6 13. Nd5 Bxd5 14. exd5 0-0 15. Qf3 Kh8 16. Bd2 Bf6 17. Bc3 Bxc3 18. bxc3 Nf6 19. Ng4 Nxg4 20. Qxg4 Qg5 21. Qxg5 hxg5 22. Rfe1 a5 23. Re7 b6 24. Rb7 Rab8 25. Rd7 Rbd8 26. Rxd8 Rxd8 27. Re1 b5 28. c4 a4 29. cxb5 axb3 30. c4 Kh7 31. Rb1 Kg6 32. Rxb3 Kf5 33. Kf2 Ke5 34. b6 Kd4 35. b7 Rb8 36. Ke2 f5 37. Kf3 g6 38. g3 Ke5 39. h4 Kf6 40. Rb6 Ke7 41. hxg5 Kd7 42. Ke3 Re8+ 43. Kd2 Rb8 44. Kc3 Kc7 45. Rb5 Rxb7 46. Rxb7+ Kxb7 47. d4 cxd4+ 48. Kxd4 Kb6 49. Kc3 Kc5 50. Kd3 Kb6 51. Kd4 Kc7 52. c5 dxc5+ 53. Kxc5 Kd7 54. d6 Kd8 55. Kd5 Kd7 56. Ke5 Kd8 57. Kf6 1-0

[Event "Bosnjaci op 15th"]
[Site "Bosnjaci"]
[Date "2010.01.08"]
[Round "8"]
[White "Mezak, Damir"]
[Black "Muskardin, Mario"]
[Result "0-1"]
[WhiteElo "1811"]
[BlackElo "2085"]
[PlyCount "58"]
[EventDate "2010.01.03"]
[EventType "swiss"]
[EventRounds "9"]
[EventCountry "CRO"]
[SourceTitle "CBM 134 Extra"]
[Source "ChessBase"]
[SourceDate "2010.03.03"]
[SourceVersion "1"]
[SourceVersionDate "2010.03.03"]
[SourceQuality "1"]

1. e4 c5 2. Nf3 g6 3. d4 cxd4 4. Qxd4 Nf6 5. e5 Nc6 6. Qc3 Nd5 7. Qd2 Nc7 8. Bc4 Bg7 9. Qf4 0-0 10. 0-0 b5 11. Bb3 Ne6 12. Bxe6 dxe6 13. Nc3 a6 14. Re1 Qc7 15. Qh4 Nxe5 16. Ng5 h5 17. Bf4 Qc4 18. Qg3 Ng4 19. h3 Nh6 20. Rad1 Bb7 21. Rd7 Nf5 22. Qd3 Qxf4 23. Nxe6 fxe6 24. Ne2 Qe4 25. Qxe4 Bxe4 26. Nf4 Bc6 27. Rc7 Rfc8 28. Rxc8+ Rxc8 29. Rxe6 Kf7 0-1

[Event "Hum na Sutli op"]
[Site "Hum na Sutli"]
[Date "2009.11.26"]
[Round "6"]
[White "Mezak, Damir"]
[Black "Galoic, Boris"]
[Result "1-0"]
[WhiteElo "1804"]
[BlackElo "1965"]
[PlyCount "117"]
[EventDate "2009.11.21"]
[EventType "swiss"]
[EventRounds "6"]
[EventCountry "CRO"]
[SourceTitle "CBM 133 Extra"]
[Source "ChessBase"]
[SourceDate "2010.01.05"]
[SourceVersion "1"]
[SourceVersionDate "2010.01.05"]
[SourceQuality "1"]

1. e4 e5 2. Nf3 Nc6 3. Bc4 Bc5 4. c3 d6 5. d4 exd4 6. cxd4 Bb4+ 7. Nc3 Nf6 8. d5 Bxc3+ 9. bxc3 Ne5 10. Nxe5 dxe5 11. Ba3 Nxe4 12. Qe2 Nd6 13. Qxe5+ Qe7 14. Qxe7+ Kxe7 15. 0-0-0 f6 16. Rhe1+ Kf7 17. Bb3 b5 18. Bc5 Bd7 19. Re2 a5 20. Rde1 Rhe8 21. Rxe8 Rxe8 22. Rxe8 Bxe8 23. a3 g6 24. f3 Bd7 25. Bxd6 cxd6 26. Kd2 Ke7 27. Ke3 Kd8 28. Kd4 Kc7 29. Bc2 Kb6 30. h4 f5 31. f4 Bc8 32. g3 Bd7 33. Bd1 Kc7 34. c4 Kb6 35. cxb5 Kxb5 36. Bc2 Kb6 37. Bd1 Bb5 38. Bc2 Be2 39. Ba4 Bb5 40. Bd1 a4 41. g4 Bd7 42. gxf5 gxf5 43. Bh5 h6 44. Bf7 Kc7 45. Be6 Bxe6 46. dxe6 Kc6 47. h5 d5 48. e7 Kd7 49. e8Q+ Kxe8 50. Kxd5 Kf7 51. Ke5 Ke7 52. Kxf5 Kf7 53. Ke5 Ke7 54. f5 Kf7 55. f6 Ke8 56. Ke6 Kf8 57. f7 Kg7 58. Ke7 Kh7 59. Ke8 1-0

[Event "Hum na Sutli op"]
[Site "Hum na Sutli"]
[Date "2009.11.23"]
[Round "3"]
[White "Ivekovic, Mario"]
[Black "Mezak, Damir"]
[Result "1-0"]
[WhiteElo "2294"]
[BlackElo "1804"]
[PlyCount "107"]
[EventDate "2009.11.21"]
[EventType "swiss"]
[EventRounds "6"]
[EventCountry "CRO"]
[SourceTitle "CBM 133 Extra"]
[Source "ChessBase"]
[SourceDate "2010.01.05"]
[SourceVersion "1"]
[SourceVersionDate "2010.01.05"]
[SourceQuality "1"]

1. Nf3 Nf6 2. b3 d6 3. d4 g6 4. Bb2 Bg7 5. Nbd2 0-0 6. e4 Bg4 7. h3 Bxf3 8. Qxf3 c6 9. Qe3 Nfd7 10. Nf3 c5 11. Bc4 Nc6 12. 0-0 Rc8 13. c3 cxd4 14. cxd4 Nb6 15. Bb5 a6 16. Bxc6 bxc6 17. Rac1 Nd7 18. Qd2 c5 19. dxc5 Bxb2 20. Qxb2 Nxc5 21. Rc4 Nd3 22. Qc3 Nf4 23. Re1 Rxc4 24. Qxc4 Qc8 25. Nd2 Qxc4 26. Nxc4 Rc8 27. h4 Nd3 28. Re2 Kf8 29. Rd2 Nc5 30. f3 Ne6 31. g4 g5 32. hxg5 Nxg5 33. Kf2 Kg7 34. Ke3 Rc5 35. Rd5 Ne6 36. f4 Nc7 37. Rxc5 dxc5 38. Ne5 e6 39. Nd7 Kg6 40. Nxc5 h5 41. gxh5+ Kxh5 42. Kf3 f5 43. a4 Kg6 44. b4 Kf7 45. Ke3 Ke7 46. Kd3 Kd6 47. Kd4 fxe4 48. Kxe4 Kc6 49. Ke5 a5 50. Na6 Nxa6 51. b5+ Kb6 52. bxa6 Kxa6 53. Kxe6 Kb6 54. Kd6 1-0

[Event "CRO-chT2b"]
[Site "Croatia"]
[Date "2009.10.18"]
[Round "7"]
[White "Kovacic, Damir"]
[Black "Mezak, Damir"]
[Result "1-0"]
[WhiteElo "2038"]
[BlackElo "1804"]
[PlyCount "43"]
[EventDate "2009.03.01"]
[EventType "team-tourn"]
[EventRounds "11"]
[EventCountry "CRO"]
[SourceTitle "EXT 2011"]
[Source "ChessBase"]
[SourceDate "2010.11.26"]
[SourceVersion "1"]
[SourceVersionDate "2010.11.26"]
[SourceQuality "1"]

1. e4 c6 2. d4 d5 3. e5 Bf5 4. Bd3 Bxd3 5. Qxd3 e6 6. Ne2 Nd7 7. 0-0 c5 8. c3 Ne7 9. Na3 a6 10. Nc2 Nf5 11. Re1 h5 12. Nf4 g5 13. Nxd5 Nxd4 14. cxd4 exd5 15. e6 Nf6 16. Bxg5 Rg8 17. e7 Qd6 18. dxc5 Qc6 19. Nd4 Qd7 20. exf8Q+ Kxf8 21. Bh6+ Rg7 22. Nf5 1-0